Le Real Madrid - Statistiques

Statistiques générales
  • Ce quiz a été pris 71 fois
    40 depuis la dernière actualisation
  • Le résultat moyen est 16 sur 20
Statistiques - réponses
Question Réponse % Correct
Quel club est le plus grand rival du Real Madrid ? FC Barcelone
100%
Qui est l'actuel président du club (en 2024) ? Florentino Pérez
100%
Dans quelle stade joue le Real Madrid ? Santiago Bernabéu
100%
Combien de Ligues des Champions le Real Madrid a-t-il remportées (jusqu'en 2024) ? 15
94%
Quel joueur français est devenu capitaine du Real Madrid en 2022 ? Benzema
94%
Quel joueur a inscrit un triplé en demi-finale de LDC contre Chelsea en 2022 ? Benzema
94%
Quel joueur madrilène a remporté le Ballon d'Or en 2006 ? Cannavaro
94%
Quel est le meilleur buteur de l'histoire du club ? Cristiano Ronaldo
94%
Quel allemand a été un pilier du milieu de 2014 à 2025 ? Kroos
94%
Quel joueur a inscrit un retourné spectaculaire contre la Juventus en 2018 ? Cristiano Ronaldo
91%
Quel est le surnom du Real Madrid ? Los Blancos
85%
Qui a marqué le but de l'égalisation en finale de la Ligue des Champions 2014 contre l'Atlético ? Sergio Ramos
85%
En quelle année le Real Madrid a-t-il été fondé ? 1902
79%
Combien de Ballons d'Or Cristiano Ronaldo a-t-il remportés en tant que joueur du Real Madrid ? 4
76%
Quel entraîneur a mené le Real à la Décima (10e Ligue des Champions) ? Carlo Ancelotti
73%
Quel joueur légendaire portait le numéro 7 avant Cristiano Ronaldo ? Raùl
73%
Combien de Liga le Real Madrid a-t-il gagnées ? 36
61%
Combien de Coupes du Monde des Clubs le Real Madrid a-t-il remportées (jusqu'en 2023) ? 5
52%
Quelle star brésilienne a rejoint le club en 2005 ? Robinho
39%
Quel club espagnol partage la ville de Madrid avec le Real ? Tous les trois
36%
Aucun quiz correspondant
Distribution des résultats
% des personnes avec chaque résultat
Percentile par nombre de réponses
Votre historique - résultats
Vous n’avez pas pris ce quiz depuis la dernière actualisation